| 000 | 00484nam a22001817a 4500 | ||
|---|---|---|---|
| 020 | _a978-1-119-58998-3 | ||
| 082 | _a332.10973 | ||
| 100 | _aKidwell, David S. ...[et al.] | ||
| 245 | _aFinancial Institutions, Markets, and Money | ||
| 250 | _a12th | ||
| 260 |
_aHoboken: _bWiley, _c2017 |
||
| 300 | _axxv, 652p.: ill.; 26cm | ||
| 500 | _aTABLE OF CONTENTS: | ||
| 700 | _aBlackwell, David W. | ||
| 700 | _aWhidbee, David A. | ||
| 700 | _aSias, Richard W. | ||
| 942 | _cBK | ||
| 999 |
_c22110 _d22110 |
||